Calculation of properties using corresponding-state methods /

Guardado en:
Autor Principal: Stéerbácek, Zdenéek.-
Otros Autores: Biskup, Bohuslav., Tausk, Petr.
Formato: Libro
Idioma:English
Publicado: Amsterdam : New York : Elsevier Scientific Pub. Co. ; Distribution for the U.S.A. and Canada, Elsevier/North Holland, 1979.
Series:Chemical engineering monographs ; v. 5
Materias:
Etiquetas: Agregar Etiqueta
Sin Etiquetas, Sea el primero en etiquetar este registro!
LEADER 01094pam a22002895a 4500
001 EIQ.libpla000649
008 790308s1979####ne#a#####b####001#0#eng#d
005 20070702161343.0
245 1 0 |a Calculation of properties using corresponding-state methods /  |c Zdenék Stérbácek, Bohuslav Biskup, Petr Tausk. 
260 |a Amsterdam :  |b Elsevier Scientific Pub. Co. ;  |a New York :  |b Distribution for the U.S.A. and Canada, Elsevier/North Holland,  |c 1979. 
300 |a 308 p. :  |b il. ;  |c 25 cm. 
440 0 |a Chemical engineering monographs ;  |v v. 5 
500 |a Translation by Zdenék Stérbácek. 
504 |a Bibliografía: p. 295-303. 
500 |a Incluye índice. 
020 |a 0444998071 
100 1 |a Stéerbácek, Zdenéek.- 
700 1 |a Biskup, Bohuslav. 
700 1 |a Tausk, Petr. 
082 0 0 |a 532 
650 4 |a Fluidos  |x Propiedades. 
650 4 |a Termodinámica  |x Propiedades de fluidos. 
650 4 |a Fluids  |x Properties. 
650 4 |a Thermodynamics  |x Properties of fluids. 
010 |a  79010102  
040 |a DLC  |c DLC  |d AR-BbSID 
859 |a AR-BbSID  |b BIB. PLAPIQUI  |h 541.369  |i St 31  |p 285